书目信息 |
| 题名: |
酿造工艺
|
|
| 作者: | 赵金海 主编 | |
| 分册: | 下 | |
| 出版信息: | 北京 高等教育出版社 2002.12 |
|
| 页数: | 170页 | |
| 开本: | 26cm | |
| 丛书名: | ||
| 单 册: | ||
| 中图分类: | TS26 | |
| 科图分类: | ||
| 主题词: | 酿造--食品工业 | |
| 电子资源: | ||
| ISBN: | 978-7-04-011723-3 | |
| 000 | 00554nam0 2200193 450 | |
| 001 | 285 | |
| 005 | 20160906082927.59 | |
| 010 | @a978-7-04-011723-3@dCNY15.50 | |
| 100 | @a20160721d2002 km y0chiy0120 ea | |
| 101 | 0 | @achi |
| 102 | @aCN@b110000 | |
| 200 | 1 | @a酿造工艺@Aniang zao gong yi@h下@f赵金海主编@Fzhao jin hai zhu bian |
| 210 | @a北京@c高等教育出版社@d2002.12 | |
| 215 | @a170页@d26cm | |
| 606 | 0 | @a酿造@x食品工业 |
| 690 | @aTS26@v4 | |
| 701 | 0 | @a赵金海@Azhao jin hai@4主编 |
| 801 | 0 | @aCN@b唐山师范学院图书馆@c20160721 |
| 905 | @aZUCC@dTS26@e206:2 | |
| 酿造工艺.下/赵金海主编.-北京:高等教育出版社,2002.12 |
| 170页;26cm |
| ISBN 978-7-04-011723-3:CNY15.50 |
| ● |
| 相关链接 |
|
|
|
|
正题名:酿造工艺
索取号:TS26/206:2
 
预约/预借
| 序号 | 登录号 | 条形码 | 馆藏地/架位号 | 状态 | 备注 |
| 1 | 901204 | 209012049 | 第二样本阅览室/ [索取号:TS26/206:2] | 在馆 | |
| 2 | 901205 | 209012058 | 密集书库-生命科学系/ [索取号:TS26/206:2] | 在馆 | |
| 3 | 901206 | 209012067 | 第三借阅区/ [索取号:TS26/206:2] | 在馆 | |
| 4 | 901207 | 209012076 | 第三借阅区/ [索取号:TS26/206:2] | 在馆 | |
| 5 | 901208 | 209012085 | 第三借阅区/ [索取号:TS26/206:2] | 在馆 |